AACR 2 : (Record no. 56715)
[ view plain ]
| 000 -LEADER | |
|---|---|
| fixed length control field | 00697nam a2200241 a 4500 |
| 001 - CONTROL NUMBER | |
| control field | 56715 |
| 003 - CONTROL NUMBER IDENTIFIER | |
| rucl marc code | BD-RjUL |
| 005 - DATE AND TIME OF LATEST TRANSACTION | |
| control field | 20211209080427.0 |
| 008 - FIXED-LENGTH DATA ELEMENTS--GENERAL INFORMATION | |
| fixed length control field | 161203s1979 enka p 001 0 eng |
| 020 ## - INTERNATIONAL STANDARD BOOK NUMBER | |
| International Standard Book Number | 0208016848 (Linnet) : |
| 035 ## - SYSTEM CONTROL NUMBER | |
| System control number | (BD-RjUL)56839 |
| 040 ## - CATALOGING SOURCE | |
| Original cataloging agency | DLC |
| Transcribing agency | DLC |
| Modifying agency | DLC |
| Language of cataloging | eng |
| 041 ## - LANGUAGE CODE | |
| Language code of text/sound track or separate title | eng |
| 082 00 - DEWEY DECIMAL CLASSIFICATION NUMBER | |
| Classification number | 025.32 |
| Edition number | 23 |
| Author mark and year | HUA 1979 |
| 100 1# - MAIN ENTRY--PERSONAL NAME | |
| Personal name | Hunter, Eric J. |
| 9 (RLIN) | 168669 |
| 245 10 - TITLE STATEMENT | |
| Title | AACR 2 : |
| Remainder of title | an introduction to the second edition of Anglo-American cataloguing rules / |
| Statement of responsibility, etc. | Eric J. Hunter. |
| 250 ## - EDITION STATEMENT | |
| Edition statement | Rev. ed. |
| 260 ## - PUBLICATION, DISTRIBUTION, ETC. (IMPRINT) | |
| Place of publication, distribution, etc. | London : |
| Name of publisher, distributor, etc. | C. Bingley, |
| Date of publication, distribution, etc. | 1979. |
| 300 ## - PHYSICAL DESCRIPTION | |
| Pagination | 148 p. : |
| Illustrations | ill. ; |
| Size | 22 cm. |
| 500 ## - GENERAL NOTE | |
| General note | Includes index. |
| 650 #0 - SUBJECT ADDED ENTRY--TOPICAL TERM | |
| Topical term or geographic name as entry element | Cataloging |
| 9 (RLIN) | 125830 |
| 942 ## - ADDED ENTRY ELEMENTS (KOHA) | |
| Source of classification or shelving scheme | Dewey Decimal Classification |
| Koha item type | Books |
| Lost status | Source of classification or shelving scheme | Damaged status | Not for loan | Collection code | Permanent Location | Current Location | Shelving location | Date acquired | Source of acquisition | Total Checkouts | Full call number | Date last seen | Copy number | Koha item type |
|---|---|---|---|---|---|---|---|---|---|---|---|---|---|---|
| Dewey Decimal Classification | Not For Loan | Non-fiction | Central Library, University of Rajshahi | Central Library, University of Rajshahi | Reading Room | 26/02/2009 | RUCL, Gigt | 025.32 HUA 1979 | 03/12/2016 | C-1 | Books |